00622cam a22002291 4500001001300000003000400013005001700017008004100034010001700075025001900092035002000111040001800131042001200149050001500161100002900176245004200205260005300247300002500300650002200325650002800347999001700375sa 65000881 DLC20260227112106.0861030s1964 ii 000 0 eng  asa 65000881  aPL480:I-E-3602 a(OCoLC)14575011 aDLCcWaUdDLC apremarc00aHX392b.B31 aBanerjee, Nitya Narayan.10aSpiritual socialism (Hindu samajband) aCalcutta,bIndian Institute of Educationc[1964] aviii, 158 p.c20 cm. 0aSocialismzIndia. 0aSocialism and Hinduism. c61793d61793